| 000 | 01239nam a2200301Ia 4500 | ||
|---|---|---|---|
| 001 | ebr10308136 | ||
| 003 | CaPaEBR | ||
| 006 | m u | ||
| 007 | cr cn||||||||| | ||
| 008 | 080721s2008 njua s 001 0 eng d | ||
| 010 | _z 2008032176 | ||
| 020 | _z9780470137970 (cloth) | ||
| 040 |
_aCaPaEBR _cCaPaEBR |
||
| 035 | _a(OCoLC)647809749 | ||
| 050 | 1 | 4 |
_aQD79.C454 _bF47 2008eb |
| 100 | 1 |
_aFerrer, Imma, _d1970- |
|
| 245 | 1 | 0 |
_aLiquid chromatography/time-of-flight mass spectrometry _h[electronic resource] : _bprinciples, tools, and applications for accurate mass analysis / _cImma Ferrer, E.M. Thurman. |
| 260 |
_aHoboken, NJ : _bWiley, _c2008. |
||
| 300 |
_axii, 261 p. : _bill. |
||
| 500 | _aIncludes index. | ||
| 533 |
_aElectronic reproduction. _bPalo Alto, Calif. : _cebrary, _d2009. _nAvailable via World Wide Web. _nAccess may be limited to ebrary affiliated libraries. |
||
| 650 | 0 | _aLiquid chromatography. | |
| 650 | 0 | _aTime-of-flight mass spectrometry. | |
| 655 | 7 |
_aElectronic books. _2local |
|
| 700 | 1 |
_aThurman, E. M. _q(Earl Michael), _d1946- |
|
| 710 | 2 | _aebrary, Inc. | |
| 856 | 4 | 0 |
_uhttp://site.ebrary.com/lib/rucke/Doc?id=10308136 _zAn electronic book accessible through the World Wide Web; click to view |
| 999 |
_c175327 _d175327 |
||